Library of the University of Algiers 3
Ibrahim Sultan Cheibout
شعار جامعة الجزائر 3
مكتبة جامعة الجزائر 3
إبراهيم سلطان شيبوط

مفاهيم إدارية معاصرة / (رقم التسجيلة. 46300)

تفاصيل مارك
000 -LEADER
fixed length control field 01175nam a2200241Ia 4500
003 - CONTROL NUMBER IDENTIFIER
control field Ost
005 - DATE AND TIME OF LATEST TRANSACTION
control field 20260507075802.0
008 - FIXED-LENGTH DATA ELEMENTS--GENERAL INFORMATION
fixed length control field 260507s9999||||xx |||||||||||||| ||und||
020 ## - INTERNATIONAL STANDARD BOOK NUMBER
International Standard Book Number 9789957449315
040 ## - CATALOGING SOURCE
Transcribing agency fsecg
041 ## - LANGUAGE CODE
Language code of text/sound track or separate title ara
082 ## - DEWEY DECIMAL CLASSIFICATION NUMBER
Classification number 350
100 ## - MAIN ENTRY--PERSONAL NAME
Personal name الشياب، أحمد محمد
Relator term مؤلف
245 #0 - TITLE STATEMENT
Title مفاهيم إدارية معاصرة /
Statement of responsibility, etc. أحمد محمد الشياب
260 ## - PUBLICATION, DISTRIBUTION, ETC.
Place of publication, distribution, etc. عمان:
Name of publisher, distributor, etc. الأكاديميون للنشر والتوزيع,
Date of publication, distribution, etc. 2014
300 ## - PHYSICAL DESCRIPTION
Extent 376 صفحة؛
Other physical details إيضاحات ؛
Dimensions 24 سم
504 ## - BIBLIOGRAPHY, ETC. NOTE
Bibliography, etc. note بيبليوغرافيا: ص ص. 357-359
520 ## - SUMMARY, ETC.
Summary, etc. يحتوي الكتاب على الإبداع الإداري، الإدارة بالأفكار، الإدارة بالأهداف، الإدارة بالشفافية، إدارة الخوف، إدارة المعرفة، إدارة الوقت والتمكين، الثقة التنظيمية، المساءلة الإدارية، الولاء التنظيمي، الهندرة.
653 ## - INDEX TERM--UNCONTROLLED
Uncontrolled term إدارة الأفراد
653 ## - INDEX TERM--UNCONTROLLED
Uncontrolled term الإدارة العامة
700 ## - ADDED ENTRY--PERSONAL NAME
Personal name أبو حمور، عنان محمد
Relator term مؤلف ثانوي
942 ## - ADDED ENTRY ELEMENTS (KOHA)
Koha item type كتب
المقتنيات
Withdrawn status Lost status Source of classification or shelving scheme Damaged status Not for loan Home library Current library Date acquired Serial enumeration / chronology Inventory number Total checkouts Full call number Barcode Date last seen Price effective from Koha item type
    Library of Congress Classification   NOT LOAN / إعارة داخلية مكتبة كلية العلوم الإقتصادية والعلوم التجارية وعلوم التسيير مكتبة كلية العلوم الإقتصادية والعلوم التجارية وعلوم التسيير 07/05/2026 الطابق الأرضي 025.21/563   503/025.21ن01 025.21/563 07/05/2026 07/05/2026 كتب

موارد الويب المفتوحة


© University of Algiers 3 All Rights Reserved
|
Implemented by LECHELAH Riad